000 00622nam a22001697a 4500
008 160726b xxu||||| |||| 00| 0 eng d
020 _a9780443103391
082 _22008
_aDC 618.92
_bD28
100 _911958
_aDavies, Lorna
245 _aExamination of new born and neonatal health:
_ba multidimensional approach/
_cLorna Davies and Sharon McDonald; foreword by Nicky Leap.
260 _aEdinburgh:
_bElsevier,
_cc2008.
300 _axi, 296 pages:
_billustrations;
_c25 cm.
500 _aIncludes appendices and index.
650 0 _911959
_aPediatric nursing
700 _911960
_aMcDonald, Sharon
_eAuthor
942 _2ddc
_cDC
999 _c3595
_d3595